| 000 | 01155 a2200361 4500 | ||
|---|---|---|---|
| 020 | _a0471373125 | ||
| 040 |
_aDLC _bDLC |
||
| 082 | 0 | 0 | _a621.3822 |
| 100 | 1 | _aChu, Wai C., | |
| 245 | 1 | 0 |
_aSpeech coding algorithms: foundation and evolution of standardized coders _bfoundation and evolution of standardized coders _cWai C. Chu. |
| 260 |
_aNew York : _bJ. Wiley, _c2003 |
||
| 300 |
_axxiv, 558 p: _bill.; _c24 cm |
||
| 500 | _a"Wiley-Interscience" | ||
| 650 | 7 | _aDigital signalbehandling | |
| 650 | 7 | _aDatoralgoritmer | |
| 650 | 7 | _aTalsyntes | |
| 650 | 7 | _aTalbehandling (databehandling av spr嫬jud) | |
| 650 | 7 | _aSpeech processing systems. | |
| 650 | 7 | _aCoding theory. | |
| 650 | 7 | _aAlgorithms. | |
| 650 | 7 | _aDatoralgoritmer | |
| 650 | 7 | _aComputer algorithms | |
| 650 | 7 | _aDatabehandling | |
| 650 | 7 | _aData processing | |
| 650 | 7 | _aTalsyntes | |
| 650 | 7 | _aSpeech synthesis | |
| 650 | 7 | _aDigital signalbehandling | |
| 650 | 7 | _aDigital signal processing techniques | |
| 650 | 7 | _aComputer algorithms | |
| 650 | 7 | _aSpeech processing systems | |
| 650 | 7 | _aSignal processing - Digital techniques | |
| 942 |
_cBK _k621.3822 CHU _2ddc |
||
| 999 |
_c8332 _d8332 |
||